| 000 | 00951cad a22002055a 4500 | ||
|---|---|---|---|
| 001 | E153935 | ||
| 008 | 110926s2011 xxk f s000 0 eng d | ||
| 035 | _a(Sirsi) u153935 | ||
| 041 | 0 | _aeng | |
| 110 | 2 |
_aScotland _bScottish Government _95344 |
|
| 245 | 0 | 0 |
_aNotes on the implications of Directive 2010/31/EU on the energy performance of buildings (recast) _h[electronic resource] |
| 260 |
_aEdinburgh _bScottish Government _c2011 |
||
| 490 | 0 | _aScottish Government Building Standards Division Circular | |
| 520 | _aOffers guidance on the amended Directive 2010/31/EU on the energy performance of buildings and the implications of the changes. | ||
| 590 | _aKA | ||
| 651 | 4 |
_aScotland _y1999- |
|
| 690 | _aENVIRONMENTAL AND LAND CONSULTANCY-ENERGY | ||
| 856 | 4 | 0 |
_uhttps://www.scotland.gov.uk/Topics/Built-Environment/Building/Building-standards/profinfo/epcintro/eurodirepb _zView the guidance free of charge at www.scotland.gov.uk |
| 942 | _n0 | ||
| 999 |
_c112772 _d112772 |
||